header

Making the connection between brain and behavior (Record no. 912)

MARC details
000 -LEADER
fixed length control field 01777nam a22003734a 4500
082 04 - DEWEY DECIMAL CLASSIFICATION NUMBER
Classification number 616.8/33
100 1# - MAIN ENTRY--AUTHOR NAME
Personal name Friedman, Joseph H.
245 10 - TITLE STATEMENT
Title Making the connection between brain and behavior
260 ## - PUBLICATION, DISTRIBUTION, ETC. (IMPRINT)
Place of publication New York, NY :
Name of publisher Demos Health,
Year of publication c2008.
300 ## - PHYSICAL DESCRIPTION
Number of Pages xix, 193 p. :
Other physical details ill.
500 ## - GENERAL NOTE
General note Includes index.
505 0# - FORMATTED CONTENTS NOTE
Formatted contents note Overview -- Personality -- Fatigue -- Apathy -- Depression -- Anxiety -- Dementia -- Hallucinations -- Delusions -- Confusion and delirium -- Compulsive behavior -- Sleep -- Surgery for Parkinson's disease -- Driving -- Caregivers and family -- Why you should not go to the emergency department (and why you should!).
650 #0 - SUBJECT ADDED ENTRY--TOPICAL TERM
Topical Term Parkinson's disease
Topical Term Parkinson's disease
Topical Term Parkinson's disease
Topical Term Caregivers.
856 40 - ELECTRONIC LOCATION AND ACCESS
Uniform Resource Identifier http://site.ebrary.com/lib/rucke/Doc?id=10288123

No items available.

© 2026 Rongo University
Contact us: librarian | system librarian | Rongo university